Current NBA Stars Colleges - Statistics

General Stats
  • This quiz has been taken 76 times
  • The average score is 14 of 20
Answer Stats
Hint Answer % Correct
Stephen Curry Davidson
97%
Anthony Davis Kentucky
97%
Kevin Durant Texas
96%
Jayson Tatum Duke
94%
Jalen Brunson Villanova
84%
Joel Embiid Kansas
83%
Ja Morant Murray State
78%
Jimmy Butler Marquette
77%
Trae Young Oklahoma
77%
Kawhi Leonard San Diego State
67%
Coby White North Carolina
64%
Cade Cunningham Oklahoma State
64%
Damian Lillard Weber State
64%
Tyrese Haliburton Iowa State
62%
Scottie Barnes Florida State
58%
Paul George Fresno State
58%
Al Horford Florida
57%
Darius Garland Vanderbilt
51%
Jabari Smith Jr. Auburn
46%
Derrick White Colorado
45%
No matching quizzes found
Score Distribution
Percent of People with Each Score
Percentile by Number Answered
Your Score History
You have not taken this quiz